| Tag |
First Indicator |
Second Indicator |
Subfields |
| LEADER |
00000cas a22000007i 4500 |
| 001 |
in00003989708 |
| 005 |
20190822142624.0 |
| 007 |
cr ||||||||||| |
| 008 |
181210d19701972gauar oo f0 a0eng |
| 010 |
|
|
|a 2019201800
|
| 035 |
|
|
|a (OCoLC)on1078640032
|
| 040 |
|
|
|a HRM
|b eng
|e rda
|e pn
|c HRM
|d JSTOR
|d CNCGM
|d OCLCO
|d UAB
|d DLC
|d OCLCO
|d VT2
|d OCL
|d TXA
|
| 022 |
0 |
|
|a 2641-2160
|y 0300-6972
|2 1
|
| 035 |
|
|
|a (OCoLC)1078640032
|
| 037 |
|
|
|b U.S. Department of Health, Education, and Welfare, Health Services and Mental Health Administration, Center for Disease Control, Epidemiology Program, Family Planning Evaluation Activity, Atlanta, Georgia 30333
|
| 042 |
|
|
|a pcc
|a nsdp
|
| 043 |
|
|
|a n-us---
|
| 050 |
1 |
4 |
|a HQ767.5.U5
|b C45 Electronic
|
| 060 |
0 |
0 |
|a W2 A
|b C2a
|
| 082 |
1 |
0 |
|a 362.1988/800973
|2 23
|
| 082 |
0 |
4 |
|a 362.1988/800973
|2 23
|
| 086 |
0 |
|
|a HE 20.7011/20:
|
| 049 |
|
|
|a TXAM
|
| 110 |
2 |
|
|a Centers for Disease Control (U.S.)
|
| 210 |
0 |
|
|a Abort. surveill. rep.
|b (Online)
|
| 222 |
|
0 |
|a Abortion surveillance report
|b (Online)
|
| 245 |
1 |
0 |
|a Abortion surveillance report.
|
| 246 |
1 |
|
|a Legal abortions, United States annual summary
|
| 246 |
1 |
|
|a Center for disease control, family planning evaluation
|
| 264 |
|
1 |
|a Atlanta, Georgia :
|b Center for Disease Control,
|c [1970-1972]
|
| 300 |
|
|
|a 1 online resource
|
| 310 |
|
|
|a Annual
|
| 336 |
|
|
|a text
|b txt
|2 rdacontent
|
| 337 |
|
|
|a computer
|b c
|2 rdamedia
|
| 338 |
|
|
|a online resource
|b cr
|2 rdacarrier
|
| 362 |
1 |
|
|a Print began in 1969; ceased with: Annual Summary 1971 (December 1972).
|
| 588 |
|
|
|a Description based on: Annual Summary 1970; title from cover (jstor.org; viewed January 7, 2019).
|
| 588 |
|
|
|a Latest issue consulted: Annual Summary 1971 (December 1972) (viewed January 7, 2019).
|
| 650 |
|
0 |
|a Abortion
|x Government policy
|z United States.
|
| 650 |
|
7 |
|a Abortion
|x Government policy.
|2 fast
|0 (OCoLC)fst00794593
|
| 651 |
|
7 |
|a United States.
|2 fast
|0 (OCoLC)fst01204155
|
| 650 |
|
2 |
|a Abortion, Legal.
|0 (DNLM)D000029
|
| 655 |
|
7 |
|a Periodicals.
|2 fast
|0 (OCoLC)fst01411641
|
| 655 |
|
2 |
|a Statistics.
|0 (DNLM)D020500
|
| 655 |
|
0 |
|a Electronic journals.
|
| 776 |
0 |
8 |
|i Print version:
|a Center for Disease Control.
|t Abortion surveillance report
|x 0300-6972
|w (DLC)sn 82006216
|w (OCoLC)1328479
|
| 785 |
0 |
0 |
|t Abortion surveillance
|x 2641-2233
|w (DLC) 74644021
|w (OCoLC)824294990
|
| 948 |
|
|
|a cataloged
|b h
|c 2019/8/22
|d c
|e spoltoratski
|f 2:26:17 pm
|
| 994 |
|
|
|a C0
|b TXA
|
| 999 |
f |
f |
|s bd2659fe-1436-32c4-ae41-169a93142807
|i f1248770-6aaa-3c90-bfe5-61d3761c753c
|t 0
|
| 952 |
f |
f |
|a Texas A&M University
|b College Station
|c Electronic Resources
|d Available Online
|t 0
|e HQ767.5.U5 C45
|g Electronic
|h Library of Congress classification
|
| 998 |
f |
f |
|a HQ767.5.U5 C45
|t 0
|l Available Online
|